[Event "Ruhrgebiet Verbandsklasse Gruppe 2 1819"]
[Site "Nordrheinwestfalen"]
[Date "2018.10.07"]
[Round "2.3"]
[White "Kirsch, Paul"]
[Black "Praemassing, Rainer"]
[Result "1/2-1/2"]
[WhiteElo "1929"]
[BlackElo "1834"]
[PlyCount "33"]
[EventDate "2018.09.23"]
[EventType "team-tourn"]
[EventRounds "9"]
[EventCountry "GER"]
[SourceTitle "EXT 2022"]
[Source "ChessBase"]
[SourceDate "2021.10.06"]
[SourceVersion "1"]
[SourceVersionDate "2021.10.06"]
[SourceQuality "1"]
[WhiteTeam "Steele/Kray Rochade"]
[BlackTeam "Kupferdreh Germania"]
[WhiteTeamCountry "GER"]
[BlackTeamCountry "GER"]

1. d4 Nf6 2. c4 e6 3. Nf3 c5 4. e3 b6 5. Be2 Bb7 6. Nc3 Be7 7. d5 d6 8. e4 Nbd7 9. 0-0 Nf8 10. a4 e5 11. Qb3 a5 12. Ne1 h6 13. f4 exf4 14. Bxf4 g5 15. Be3 Ng6 16. Nd3 Bc8 17. Qd1 1/2-1/2

[Event "Ruhrgebiet Verbandsklasse Gruppe 2 1718"]
[Site "Germany"]
[Date "2017.12.03"]
[Round "4.4"]
[White "Scheibe, Werner"]
[Black "Kirsch, Paul"]
[Result "0-1"]
[WhiteElo "1828"]
[BlackElo "1930"]
[PlyCount "118"]
[EventDate "2017.09.17"]
[EventType "team-tourn"]
[EventRounds "9"]
[EventCountry "GER"]
[SourceTitle "EXT 2022"]
[Source "ChessBase"]
[SourceDate "2021.10.06"]
[SourceVersion "1"]
[SourceVersionDate "2021.10.06"]
[SourceQuality "1"]
[WhiteTeam "Sodingen/Castrop SK III"]
[BlackTeam "Steele/Kray Rochade"]
[WhiteTeamCountry "GER"]
[BlackTeamCountry "GER"]

1. d4 d5 2. Nf3 Nf6 3. e3 e6 4. Bd3 c5 5. c3 Nc6 6. 0-0 Be7 7. Nbd2 0-0 8. Qe2 Qc7 9. b3 b6 10. Bb2 Bb7 11. Rac1 Rac8 12. e4 Nxe4 13. Nxe4 dxe4 14. Bxe4 Nb8 15. Ne5 Bxe4 16. Qxe4 Nd7 17. Nxd7 Qxd7 18. Rfd1 Rfd8 19. Rd3 Bf6 20. Rcd1 cxd4 21. cxd4 Qd5 22. Qxd5 Rxd5 23. f4 Rc2 24. R1d2 Rxb2 25. Rxb2 Bxd4+ 26. Rxd4 Rxd4 27. Rc2 g6 28. g3 h5 29. Kf2 Kg7 30. Ke3 Rb4 31. Rc3 Kf6 32. Rc7 a5 33. Kd3 h4 34. Kc3 hxg3 35. hxg3 Re4 36. Kd3 Rb4 37. Kc3 g5 38. fxg5+ Kg6 39. Rb7 Rg4 40. Rxb6 Rxg3+ 41. Kd4 Rxg5 42. a3 a4 43. bxa4 Rg4+ 44. Ke3 Rxa4 45. Rb3 f5 46. Kf2 f4 47. Kg2 Kf5 48. Kf2 e5 49. Kf3 e4+ 50. Kf2 Kg4 51. Kf1 e3 52. Ke2 Rd4 53. Rb1 Rd2+ 54. Kf1 Ra2 55. Kg1 Rxa3 56. Kf1 Ra2 57. Kg1 Kg3 58. Kf1 f3 59. Kg1 Rd2 0-1

[Event "Ruhrgebiet Verbandsklasse Gruppe 2 1718"]
[Site "Germany"]
[Date "2017.11.05"]
[Round "3.4"]
[White "Kirsch, Paul"]
[Black "Schlueter, Christoph"]
[Result "1/2-1/2"]
[WhiteElo "1930"]
[BlackElo "1953"]
[PlyCount "26"]
[EventDate "2017.09.17"]
[EventType "team-tourn"]
[EventRounds "9"]
[EventCountry "GER"]
[SourceTitle "EXT 2022"]
[Source "ChessBase"]
[SourceDate "2021.10.06"]
[SourceVersion "1"]
[SourceVersionDate "2021.10.06"]
[SourceQuality "1"]
[WhiteTeam "Steele/Kray Rochade"]
[BlackTeam "Kirchhellen SF"]
[WhiteTeamCountry "GER"]
[BlackTeamCountry "GER"]

1. d4 Nf6 2. Nf3 g6 3. g3 b5 4. Bg2 Bb7 5. 0-0 Bg7 6. Nc3 a6 7. Bg5 0-0 8. a3 Ne4 9. Nxe4 Bxe4 10. Qd2 d6 11. Bh6 Nd7 12. Bxg7 Kxg7 13. Nh4 Bxg2 1/2-1/2

[Event "Ruhrgebiet Verbandsliga Gruppe 1 1617"]
[Site "Germany"]
[Date "2017.03.12"]
[Round "8.4"]
[White "Kirsch, Paul"]
[Black "Limberg, Matthias"]
[Result "1/2-1/2"]
[WhiteElo "1947"]
[BlackElo "2061"]
[PlyCount "32"]
[EventDate "2016.09.04"]
[EventType "team-tourn"]
[EventRounds "9"]
[EventCountry "GER"]
[SourceTitle "EXT 2022"]
[Source "ChessBase"]
[SourceDate "2021.10.06"]
[SourceVersion "1"]
[SourceVersionDate "2021.10.06"]
[SourceQuality "1"]
[WhiteTeam "Steele/Kray Rochade"]
[BlackTeam "Oberhausen SV II"]
[WhiteTeamCountry "GER"]
[BlackTeamCountry "GER"]

1. c4 c6 2. Nf3 Nf6 3. Nc3 d5 4. e3 Bf5 5. Qb3 Bc8 6. cxd5 cxd5 7. Bb5+ Nc6 8. Ne5 Qd6 9. d4 a6 10. Bxc6+ bxc6 11. Qb6 Bd7 12. 0-0 Qb8 13. Na4 e6 14. Bd2 Bd6 15. Qxb8+ Rxb8 16. Rfc1 Ne4 1/2-1/2

[Event "Ruhrgebiet Verbandsliga Gruppe 1 1617"]
[Site "Germany"]
[Date "2017.01.29"]
[Round "6.4"]
[White "Koch, Marcel"]
[Black "Kirsch, Paul"]
[Result "1/2-1/2"]
[WhiteElo "1836"]
[BlackElo "1943"]
[PlyCount "79"]
[EventDate "2016.09.04"]
[EventType "team-tourn"]
[EventRounds "9"]
[EventCountry "GER"]
[SourceTitle "EXT 2022"]
[Source "ChessBase"]
[SourceDate "2021.10.06"]
[SourceVersion "1"]
[SourceVersionDate "2021.10.06"]
[SourceQuality "1"]
[WhiteTeam "Kamen SV II"]
[BlackTeam "Steele/Kray Rochade"]
[WhiteTeamCountry "GER"]
[BlackTeamCountry "GER"]

1. d4 Nf6 2. Nf3 g6 3. c4 Bg7 4. Nc3 0-0 5. e3 d6 6. Be2 Nbd7 7. 0-0 c6 8. Qc2 Qc7 9. b3 Re8 10. Bb2 Nf8 11. Rac1 Bg4 12. h3 Bxf3 13. Bxf3 e5 14. Rfd1 Rad8 15. a3 Qb8 16. b4 exd4 17. exd4 d5 18. cxd5 Nxd5 19. Nxd5 cxd5 20. Qc7 Rd7 21. Qxb8 Rxb8 22. Re1 Rd6 23. Rc5 Rbd8 24. Rc7 R6d7 25. Re7 Rxc7 26. Rxc7 Ne6 27. Rxb7 Nxd4 28. Bxd4 Bxd4 29. Rb5 Bb2 30. a4 d4 31. Kf1 d3 32. Rd5 Rxd5 33. Bxd5 Bc3 34. b5 Kf8 35. Bc4 d2 36. Ke2 Ke7 37. Bb3 h6 38. Kd3 Ba5 39. Kc4 Kd6 40. f4 1/2-1/2

[Event "Ruhrgebiet Verbandsliga Gruppe 1 1617"]
[Site "Germany"]
[Date "2016.12.18"]
[Round "5.4"]
[White "Kirsch, Paul"]
[Black "Brockmann, Michael"]
[Result "0-1"]
[WhiteElo "1943"]
[BlackElo "1992"]
[PlyCount "56"]
[EventDate "2016.09.04"]
[EventType "team-tourn"]
[EventRounds "9"]
[EventCountry "GER"]
[SourceTitle "EXT 2022"]
[Source "ChessBase"]
[SourceDate "2021.10.06"]
[SourceVersion "1"]
[SourceVersionDate "2021.10.06"]
[SourceQuality "1"]
[WhiteTeam "Steele/Kray Rochade"]
[BlackTeam "Eichlinghofen SV"]
[WhiteTeamCountry "GER"]
[BlackTeamCountry "GER"]

1. d4 d5 2. Nf3 c5 3. e3 Nc6 4. c4 cxd4 5. exd4 Nf6 6. Nc3 Bg4 7. cxd5 Nxd5 8. Bb5 Rc8 9. 0-0 e6 10. h3 Bh5 11. g4 Bg6 12. Ne5 Be7 13. Qa4 0-0 14. Bxc6 bxc6 15. Nxc6 Qc7 16. Nxd5 exd5 17. Nxe7+ Qxe7 18. Bd2 Rc4 19. Qb3 Rxd4 20. Qe3 Re4 21. Qg5 Qb7 22. b3 h6 23. Qh4 Re2 24. Be3 Qb4 25. Rfd1 Be4 26. g5 hxg5 27. Qg4 Rc2 28. Qxg5 Rc6 0-1

[Event "Ruhrgebiet Verbandsliga Gruppe 1 1516"]
[Site "Germany"]
[Date "2016.04.24"]
[Round "9.5"]
[White "Kirsch, Paul"]
[Black "Wilbert, Siegfried"]
[Result "1-0"]
[WhiteElo "1952"]
[BlackElo "1938"]
[PlyCount "85"]
[EventDate "2015.09.06"]
[EventType "team-tourn"]
[EventRounds "9"]
[EventCountry "GER"]
[SourceTitle "EXT 2022"]
[Source "ChessBase"]
[SourceDate "2021.10.06"]
[SourceVersion "1"]
[SourceVersionDate "2021.10.06"]
[SourceQuality "1"]
[WhiteTeam "Steele/Kray Rochade"]
[BlackTeam "Buer SF"]
[WhiteTeamCountry "GER"]
[BlackTeamCountry "GER"]

1. d4 Nf6 2. Nf3 e6 3. e3 b6 4. Bd3 Bb7 5. 0-0 d5 6. c4 Be7 7. Nc3 0-0 8. Bd2 c5 9. cxd5 exd5 10. Ne5 Nc6 11. Nxc6 Bxc6 12. Rc1 Re8 13. Ne2 c4 14. Bb1 b5 15. a3 Bd6 16. Ng3 Qc7 17. Bb4 Bxb4 18. axb4 a5 19. bxa5 Rxa5 20. Nh5 Qe7 21. Qf3 Nxh5 22. Qxh5 g6 23. Qe2 f5 24. g3 Ra7 25. h4 f4 26. gxf4 Qxh4 27. Qf3 Rf7 28. Kg2 Qe7 29. Rh1 Qd6 30. Rh6 Re6 31. Rch1 Ref6 32. Qh3 Bd7 33. Qh2 Qe6 34. f5 gxf5 35. Rxh7 Kf8 36. Qc7 Ke7 37. Rxf7+ Rxf7 38. Rh8 Qg6+ 39. Kf1 Rg7 40. Qd8+ Ke6 41. Rf8 Qg5 42. Qb6+ Ke7 43. Qc5+ 1-0

[Event "Ruhrgebiet Verbandsliga Gruppe 1 1516"]
[Site "Germany"]
[Date "2016.03.20"]
[Round "8.6"]
[White "Kirsch, Paul"]
[Black "Stricker, Florian"]
[Result "0-1"]
[WhiteElo "1952"]
[BlackElo "1999"]
[PlyCount "122"]
[EventDate "2015.09.06"]
[EventType "team-tourn"]
[EventRounds "9"]
[EventCountry "GER"]
[SourceTitle "EXT 2022"]
[Source "ChessBase"]
[SourceDate "2021.10.06"]
[SourceVersion "1"]
[SourceVersionDate "2021.10.06"]
[SourceQuality "1"]
[WhiteTeam "Steele/Kray Rochade"]
[BlackTeam "Bochum SG III"]
[WhiteTeamCountry "GER"]
[BlackTeamCountry "GER"]

1. d4 Nf6 2. Nf3 e6 3. Bf4 d5 4. e3 c5 5. Nc3 Bd7 6. Be2 Be7 7. h3 0-0 8. 0-0 Nc6 9. a4 a6 10. Qd2 Rc8 11. Rfc1 Qb6 12. Ne5 cxd4 13. Nxc6 Rxc6 14. exd4 Qxb2 15. Nd1 Qb6 16. Rcb1 Qa7 17. f3 Nh5 18. Bh2 f5 19. Be5 Bf6 20. Bxf6 Nxf6 21. Kh1 Ne8 22. c3 Nd6 23. Qb2 Rfc8 24. Qd2 Nc4 25. Bxc4 Rxc4 26. a5 Bb5 27. Qe3 Kf7 28. Rb2 Qb8 29. Raa2 Qd6 30. f4 Qc6 31. Qe1 Ra4 32. Rxa4 Bxa4 33. Rb1 Bb5 34. Qe3 Qc4 35. Kh2 Qa2 36. Rb2 Qxa5 37. g4 Qc7 38. Rb4 fxg4 39. hxg4 g5 40. Kg3 gxf4+ 41. Qxf4+ Qxf4+ 42. Kxf4 Kf6 43. Rb2 h6 44. Rh2 Kg6 45. Ke5 Rc6 46. Rf2 Kg5 47. Rf6 Kxg4 48. Rxh6 Kf3 49. Rh2 Bd3 50. Rf2+ Kg3 51. Rb2 b5 52. Rd2 Bf5 53. Ra2 Bb1 54. Rb2 Bf5 55. Ne3 Be4 56. Nf1+ Kf3 57. Nd2+ Ke3 58. Nb3 Kd3 59. Nc5+ Kxc3 60. Rb3+ Kc2 61. Rb4 Bd3 0-1